00951nab a2200301 uc450000100070000000500170000700800410002403500110006503500210007604000130009704100080011010000330011824500300015165000300018165000410021165000240025265000260027665000340030265000340033665000310037065000200040165000250042165000220044665000140046865000190048270000310050177301170053275963420240201183156.0020709s2002 spa  a759634 a(OCoLC)819979416 ccomduadb aspa10aPortillo, Maricela4auteaut13aLa ficcion de big brother aProgramas de televisión aBig Brother (Programa de television) aTelevision - Mexico aTelevision - España aGlobalización de la cultura aInfluencia de la televisión aAudiencias de televisión aRealidad social aLenguaje audiovisual 7aConsumismo2embne aFicción aImpacto social10aCastro, Cossette4auteaut0 tRevista Mexicana de Comunicación (Mexico)gVol. 14, No. 75, May.-Jun. 2002, p. 6-11w878732x0187-81900320816